000 00375nam a2200157Ia 4500
008 151213s9999 xx 000 0 und d
100 _aA. Thomson
245 _aStrategic Management
_cA. Thomson
250 _a14th
260 _aNew York
_bMc Grow Hill
_c2005
300 _a4259 p.
650 _aManagement
650 _aMnagement
700 _aA. Thomson
999 _c2683
_d2683